000 00615cam a22002293a 4500
001 18933
003 PGUSA
005 20140828083413.0
008 060729s2006||||xxu|||||s|||||000 | eng d
040 _aPGUSA
_beng
042 _adc
050 4 _aPS
100 1 _aGregory, Jackson,
_d1882-1943
245 1 0 _aMan to Man
_h[electronic resource] /
_cJackson Gregory
260 _bProject Gutenberg,
_c2006
506 _aPublic domain in the USA.
516 _aElectronic text
653 _aWestern stories
830 0 _aProject Gutenberg
_v18933
856 4 0 _uhttp://www.gutenberg.org/ebooks/18933
942 _cEB
999 _c248188
_d248188